00737 2200289 4500001002100000005001500021035002000036007000300056040001700059100002600076245003100102250001000133300002900143020002200172041000800194082000800202084001400210090002000224264004400244336002100288337003000309338002300339650001000362850001000372008004100382990002400423INLIS00000000000866520260518113832 a0010-1022000040ta aSBPUPADbind0 aWong ComicePengarang1 aRahasia Gigi /cWong Comic acet.1 a32 hlm. :bilus ;c24 cm a978-979-27-8632-3 aind a813 a813 WON r a813 WON r 24-12 aJakarta :bElex Media Komputindo,c2010 2rdacontentateks 2rdamediaatanpa perantara 2rdacarrieravolume 4aKomik aPUPAD260518 1  a048/S/KAPD-PDG/2011